Kader des FC Barcelona 2021/22 - Statistiken

Allgemein
  • Dieses Quiz wurde 753 mal gespielt
  • Das Durchschnittsergebnis liegt bei 18 aus 31
Antwortstatistiken
Nationalität(en) Spieler % Korrekt
Deutschland Marc-Andre ter Stegen
99%
Niederlande Frenkie de Jong
90%
Niederlande Luuk de Jong
89%
Spanien Pedri
89%
Spanien Gavi
87%
Spanien Gerard Pique
83%
Uruguay Ronald Araujo
81%
Spanien Jordi Alba
80%
Spanien Sergio Busquets
80%
Niederlande/Ghana Memphis Depay
76%
Frankreich/Kamerun Samuel Umtiti
71%
USA/Niederlande Sergino Dest
70%
Frankreich Ousmane Dembele
69%
Spanien/Guinea-Bissau Ansu Fati
64%
Frankreich Clement Lenglet
61%
Brasilien/Italien Neto
61%
Dänemark/Guyana Martin Braithwaite
58%
Brasilien/Spanien Dani Alves
51%
Spanien Sergi Roberto
51%
Spanien Eric Garcia
48%
Österreich Yusuf Demir
46%
Spanien/Dominikanische Republik Alex Balde
41%
Spanien Inaki Pena
33%
Argentinien/Spanien Sergio Agüero
33%
Spanien Oscar Mingueza
31%
Spanien Riqui Puig
31%
Brasilien/Portugal Philippe Coutinho
25%
Marokko/Spanien Ez Abde
23%
Spanien Nico Gonzalez
20%
Senegal Moussa Wague
14%
Spanien Aex Collado
3%
Keine übereinstimmenden Quizze gefunden
Verteilung der Resultate
Anzahl Personen mit jedem Resultat
Perzentil nach korrekt beantworteten Fragen
Ihre Resultats-Entwicklung
Sie haben dieses Quiz noch nicht gespielt